Minecraft Advancement 1.19.3 - Statistics

General Stats
  • This quiz has been taken 3 times
  • The average score is 28 of 102
Answer Stats
Hint Answer % Correct
Enter the End Portal | Or the beginning? The End?
100%
Break your way into a Nether Fortress A Terrible Fortress
67%
Diamond armor saves lives Cover Me with Diamonds
67%
Acquire diamonds Diamonds
67%
Good luck Free the End
67%
Fill a bucket with lava Hot Stuff
67%
Have every effect applied at the same time How Did We Get Here?
67%
Brew a potion Local Brewery
67%
Bring summer clothes Nether
67%
Destroy a Ghast with a fireball Return to Sender
67%
Obtain a Wither Skeleton's skull Spooky Scary Skeleton
67%
Mine stone with your new pickaxe Stone Age
67%
Protect yourself with a piece of iron armor Suit Up
67%
Respawn the Ender Dragon The End... Again...
67%
Weaken and then cure a Zombie Villager Zombie Doctor
67%
Smelt an iron ingot Acquire Hardware
33%
Have every potion effect applied at the same time A Furious Cocktail
33%
Plant a seed and watch it grow A Seedy Place
33%
Bring a beacon to full power Beaconator
33%
Tame an animal Best Friends Forever
33%
Construct and place a beacon Bring Home the Beacon
33%
Hit the bullseye of a Target block from at least 30 meters away Bullseye
33%
Get a full suit of Netherite armor Cover Me in Debris
33%
Enchant an item at an Enchantment Table Enchanter
33%
Follow an Eye of Ender Eye Spy
33%
Construct a better pickaxe Getting an Upgrade
33%
Levitate up 50 blocks from the attacks of a Shulker Great View From Up Here
33%
Successfully defend a village from a raid Hero of the Village
33%
Obtain Ancient Debris Hidden in the Depths
33%
Explore all Nether biomes Hot Tourist Destinations
33%
Obtain a block of obsidian Ice Bucket Challenge
33%
Relieve a Blaze of its rod Into Fire
33%
Look at a parrot through a spyglass Is It a Bird?
33%
Look at the Ender Dragon through a spyglass Is It a Plane?
33%
Upgrade your pickaxe Isn't It Iron Pick
33%
The heart and story of the game Minecraft
33%
Kill any hostile monster Monster Hunter
33%
Charge a Respawn Anchor to the maximum Not Quite "Nine" Lives
33%
Block a projectile using your shield Not Today, Thank You
33%
Distract Piglins with gold Oh Shiny
33%
Shoot a crossbow Ol' Betsy
33%
Use a Totem of Undying to cheat death Postmortal
33%
Escape the island Remote Getaway
33%
Use a Netherite Ingot to upgrade a hoe, and then reevaluate your life choices Serious Dedication
33%
Find elytra Sky's the Limit
33%
Sneak near a Sculk Sensor or Warden to prevent it from detecting you Sneak 100
33%
Kill a Skeleton from at least 50 meters away Sniper Duel
33%
Use the Nether to travel 7 km in the Overworld Subspace Bubble
33%
Sleep in a bed to change your respawn point Sweet Dreams
33%
Catch a fish... without a fishing rod! Tactical Fishing
33%
Shoot something with an arrow Take Aim
33%
Go on in, what could happen? The City at the End of the Game
33%
Catch an axolotl in a bucket The Cutest Predator
33%
Hold the Dragon Egg The Next Generation
33%
Breed two animals together The Parrots and the Bats
33%
Ride a Strider with a Warped Fungus on a Stick This Boat Has Legs
33%
Enter a Bastion Remnant Those Were the Days
33%
Rescue a Ghast from the Nether, bring it safely home to the Overworld... and then kill it Uneasy Alliance
33%
Kill a raid captain. Maybe consider staying away from villages for the time being... Voluntary Exile
33%
Loot a chest in a Bastion Remnant War Pigs
33%
Build, light and enter a Nether Portal We Need to Go Deeper
33%
Get in a Boat and float with a Goat Whatever Floats Your Goat!
33%
Obtain Crying Obsidian Who is Cutting Onions?
33%
Give a Pillager a taste of their own medicine Who's the Pillager Now?
33%
Summon the Wither Withering Heights
33%
Collect dragon's breath in a glass bottle You Need a Mint
33%
Eat everything that is edible, even if it's not good for you A Balanced Diet
0%
Tame all cat variants! A Complete Catalogue
0%
Adventure, exploration, and combat Adventure
0%
Discover every biome Adventuring Time
0%
Kill five unique mobs with one crossbow shot Arbalistic
0%
Throw a trident at something. A Throwaway Joke
0%
Use a Campfire to collect Honey from a Beehive using a Bottle without aggravating the bees Bee Our Guest
0%
Have an Allay drop a Cake at a Note Block Birthday Song
0%
Catch a tadpole in a Bucket Bukkit Bukkit
0%
Free fall from the top of the world (build limit) to the bottom of the world and survive Caves & Cliffs
0%
Use a compass on a Lodestone Country Lode, Take Me Home
0%
Take a Strider for a loooong ride on a lava lake in the Overworld Feels Like Home
0%
Catch a fish Fishy Business
0%
Make the text of a sign glow‌ Glow and Behold!
0%
Summon an Iron Golem to help defend a village Hired Help
0%
The world is full of friends and food Husbandry
0%
Look at a ghast through a spyglass Is It a Balloon?
0%
Kill a mob near a Sculk Catalyst It Spreads
0%
Walk on powder snow...without sinking in it Light as a Rabbit
0%
Kill one of every hostile monster Monsters Hunted
0%
Make the Meadows come alive with the sound of music from a Jukebox Sound of Music
0%
Trade with a Villager at the build height limit Star Trader
0%
Jump into a Honey Block to break your fall Sticky Situation
0%
Protect a villager from an undesired shock without starting a fire Surge Protector
0%
Team up with an axolotl and win a fight The Healing Power of Friendship!
0%
Move a Bee Nest, with 3 bees inside, using Silk Touch Total Beelocation
0%
Kill two Phantoms with a piercing arrow Two Birds, One Arrow
0%
Breed all the animals! Two by Two
0%
Strike a Villager with lightning Very Very Frightening
0%
Scrape Wax off of a Copper block! Wax Off
0%
Apply Honeycomb to a Copper block! Wax On
0%
Successfully trade with a Villager What a Deal!
0%
Get each Frog variant on a Lead When the Squad Hops into Town
0%
Have all Froglights in your inventory With Our Powers Combined!
0%
Have an Allay deliver items to you You've Got a Friend in Me
0%
No matching quizzes found
Score Distribution
Percent of People with Each Score
Percentile by Number Answered
Your Score History
You have not taken this quiz